The movement of beach sand: an analysis using fluovescent grains
Na minha lista:
| Autor principal: | |
|---|---|
| Formato: | Livro |
| Idioma: | inglês |
| Publicado em: |
Amsterdam
Elsevier
1966
|
| Colecção: | Developments in Sedimentology, 5
|
| Assuntos: | |
| Tags: |
Adicionar Tag
Sem tags, seja o primeiro a adicionar uma tag!
|
MARC
| LEADER | 00000nam a2200000 a 4500 | ||
|---|---|---|---|
| 001 | UCV4882 | ||
| 003 | CL-VaPUC | ||
| 008 | 900827e19660000NE |||||||||||||||||eng|d | ||
| 082 | 0 | 4 | |a 551.3 |b ING |2 21 |
| 100 | 0 | |a Ingle, James C |e author |9 299057 | |
| 245 | 1 | 4 | |a The movement of beach sand: an analysis using fluovescent grains |
| 300 | |a 221 p | ||
| 942 | |c BK | ||
| 945 | |d 19900827 00:00:00 | ||
| 260 | |a Amsterdam |b Elsevier |c 1966 | ||
| 650 | 7 | |a SEDIMENTOS GEOLOGIA |2 CL-VaPUC |9 261218 | |
| 650 | 0 | |a Arena |9 261219 | |
| 583 | |a last modification |c 19900827 00:00:00 |k Rodrigo Vera | ||
| 490 | 0 | |a Developments in Sedimentology, 5 | |
| 999 | |c 211523 |d 211521 | ||